Statistics for Football/Soccer Players by Country #2

Click here to take the quiz!

General Stats

  • This quiz has been taken 28 times
  • The average score is 17 of 24

Answer Stats

Hint Answer % Correct
Granit XhakaSwitzerland
96%
Samir NasriFrance
91%
Juan Sebastian VeronArgentina
87%
Ole Gunnar SolskjærNorway
87%
Henrikh MkhitaryanArmenia
83%
Ivan RakitićCroatia
83%
Claudio BravoChile
78%
Eidur GudjohnsenIceland
78%
Edin DzekoBosnia-Herzegovina
78%
Edinson CavaniUruguay
78%
Michael LaudrupDenmark
78%
Antonio ValenciaEcuador
74%
Pierre-Emerick AubameyangGabon
70%
Aleksandar KolarovSerbia
70%
Yossi BenayounIsrael
70%
Dwight YorkeTrinidad and Tobago
70%
Keylor NavasCosta Rica
65%
Rafael MarquezMexico
61%
Wes MorganJamaica
57%
Anatoliy TymoshchukUkraine
57%
Pat JenningsNorthern Ireland
52%
Wilson PalaciosHonduras
52%
Goran PandevMacedonia
39%
Seydou KeitaMali
35%

Score Distribution

Percentile by Number Answered

Percent of People with Each Score

Your Score History

You have not taken this quiz